Movies Quiz

Random Movies or Actor Quiz
Score 0/30 Timer 07:00
4 Plays Today
% Correct
Will Smith
95.3%
Arnold Schwarzenegger
94.2%
Sylvester Stallone
93.7%
Ben Stiller
91.5%
Meryl Streep
91.2%
Hilary Swank
89.4%
Adam Sandler
89.3%
Kevin Spacey
87.9%
Sharon Stone
85.1%
Charlie Sheen
84.9%
Susan Sarandon
84.2%
Barbra Streisand
84.1%
Emma Stone
82.8%
Jason Statham
80.1%
Patrick Stewart
79.7%
% Correct
Steven Seagal
79.3%
Sissy Spacek
78.6%
James Stewart
78.2%
Amanda Seyfried
74.4%
Peter Sellers
74%
Maggie Smith
73.4%
Roy Scheider
72.1%
Omar Sharif
69.9%
Zoe Saldana
69.3%
Elisabeth Shue
66.4%
Tilda Swinton
66.4%
George C. Scott
66.2%
Frank Sinatra
62.9%
Barbara Stanwyck
52.3%
Michael Shannon
50%

You're not logged in!

Compare scores with friends on all Sporcle quizzes.
OR
Log In

Sporcle TV

Today on Sporcle TV


Watch our educational content, quiz creation guides, and fun videos on Sporcle TV.

Show Comments

Extras

Top Quizzes Today


Score Distribution

Paid Content

Your Account Isn't Verified!

In order to create a playlist on Sporcle, you need to verify the email address you used during registration. Go to your Sporcle Settings to finish the process.

Report this User

Report this user for behavior that violates our Community Guidelines.

Details: